Arthanaitik bhabdharar buronji (Record no. 1057)
[ view plain ]
| 000 -LEADER | |
|---|---|
| fixed length control field | 00488cam a2200193ua 4500 |
| 008 - FIXED-LENGTH DATA ELEMENTS--GENERAL INFORMATION | |
| fixed length control field | 110613n ii |||gr||||Z||||||asm |
| 020 ## - INTERNATIONAL STANDARD BOOK NUMBER | |
| International Standard Book Number | 81-7339-143-2 |
| 040 ## - CATALOGING SOURCE | |
| Transcribing agency | MAIN |
| 082 ## - DEWEY DECIMAL CLASSIFICATION NUMBER | |
| Classification number | 330.1508 |
| 245 1# - TITLE STATEMENT | |
| Title | Arthanaitik bhabdharar buronji |
| Statement of responsibility, etc. | by Khirod Saikia |
| 250 ## - EDITION STATEMENT | |
| Edition statement | 9th. |
| 260 ## - PUBLICATION, DISTRIBUTION, ETC. | |
| Place of publication, distribution, etc. | Dibrugarh: |
| Name of publisher, distributor, etc. | Banalata,997. |
| 300 ## - PHYSICAL DESCRIPTION | |
| Extent | 264p.: |
| Dimensions | 8cm. |
| 700 ## - ADDED ENTRY--PERSONAL NAME | |
| Personal name | Saikia, Khirod., |
| Relator term | |
| 942 ## - ADDED ENTRY ELEMENTS (KOHA) | |
| Koha item type | Books |
| 653 ## - INDEX TERM--UNCONTROLLED | |
| Uncontrolled term | Economics |
| 653 ## - INDEX TERM--UNCONTROLLED | |
| Uncontrolled term | Arthanaitik bhabdharar buronji |
| Withdrawn status | Lost status | Damaged status | Not for loan | Home library | Current library | Shelving location | Date acquired | Total Checkouts | Full call number | Barcode | Date last seen | Copy number | Price effective from | Koha item type |
|---|---|---|---|---|---|---|---|---|---|---|---|---|---|---|
| Central Library, Naharkatiya College | Central Library, Naharkatiya College | General Stacks | 19/09/2020 | 330.1508 | SAI | 2749 | 19/09/2020 | 4 | 19/09/2020 | Books | |||||
| Central Library, Naharkatiya College | Central Library, Naharkatiya College | General Stacks | 19/09/2020 | 330.1508 | SAI | 2750 | 19/09/2020 | 2 | 19/09/2020 | Books | |||||
| Central Library, Naharkatiya College | Central Library, Naharkatiya College | General Stacks | 19/09/2020 | 330.1508 | SAI | 2751 | 19/09/2020 | 5 | 19/09/2020 | Books | |||||
| Central Library, Naharkatiya College | Central Library, Naharkatiya College | General Stacks | 19/09/2020 | 330.1508 | SAI | 2752 | 19/09/2020 | 3 | 19/09/2020 | Books | |||||
| Central Library, Naharkatiya College | Central Library, Naharkatiya College | General Stacks | 19/09/2020 | 330.1508 | SAI | 2753 | 19/09/2020 | 1 | 19/09/2020 | Books |
